|
|
|
|
| LEADER |
00890nam a2200229 a 4500 |
| 001 |
GR-MES10159 |
| 008 |
060524s mau 000 0 gre d |
| 020 |
|
|
|a 0256247951
|
| 040 |
|
|
|a GrPaTEI
|b gre
|c GR-PaULI
|
| 040 |
|
|
|a GrPaTEI
|b gre
|c GR-PaULI
|
| 100 |
1 |
|
|a Hopp, Wallace J.
|
| 245 |
1 |
0 |
|a Factory physics :
|b Foundations of manufacturing management /
|c Wallace J. Hoop ; Mark L. Spearman.
|
| 250 |
|
|
|a 2th ed.
|
| 260 |
|
|
|a Boston :
|b Irwin /McGraw Hill,
|c c2001
|
| 300 |
|
|
|a xxii , 698σ. :
|b εικ. ;
|c 27εκ.
|
| 650 |
|
0 |
|a Factory management
|
| 650 |
|
0 |
|a Production management
|
| 700 |
1 |
|
|a Spearman, Mark L.
|
| 942 |
|
|
|2 ddc
|
| 952 |
|
|
|0 0
|1 0
|2 ddc
|4 0
|6 658_500000000000000_HOP
|7 0
|9 269748
|a MSLG
|b MSLG
|c BSC
|d 2021-01-17
|e 24
|f 0
|g 0.00
|l 0
|o 658.5 HOP
|p 2420000020175
|r 2021-01-17 00:00:00
|t 1
|w 2021-01-17
|y BK15
|x 20060524 0 1
|x GrPaTEI
|
| 971 |
|
|
|a .b25762060
|b 15-04-20
|c 13-09-16
|
| 999 |
|
|
|c 155700
|d 155700
|